[Event "32nd ECC Open 2016"]
[Site "Novi Sad SRB"]
[Date "2016.11.09"]
[Round "4.3"]
[Board "1"]
[White "Kramnik, Vladimir"]
[Black "Mamedov, Rauf"]
[Result "1/2-1/2"]
[WhiteTitle "GM"]
[BlackTitle "GM"]
[WhiteElo "2810"]
[BlackElo "2684"]
[WhiteTeam "Syberia"]
[BlackTeam "Odlar Yurdu"]
[WhiteFideId "4101588"]
[BlackFideId "13401653"]
[EventDate "2016.11.06"]

1. e4 c5 2. Nf3 d6 3. d4 Nf6 4. Nc3 cxd4 5. Nxd4 g6 6. Be2 Bg7 7. O-O O-O 8. Re1
Nc6 9. Nb3 a6 10. Bf1 b5 11. a4 b4 12. Nd5 Nd7 13. a5 Rb8 14. Ra2 e6 15. Ne3 Nf6
16. Nc4 d5 17. exd5 Nxd5 18. Ne3 Nce7 19. Nxd5 Nxd5 20. Re4 Qc7 21. Bg5 Qa7 22.
Qc1 Bd7 23. Bh6 Rfc8 24. Bxg7 Kxg7 25. Rc4 Rxc4 26. Bxc4 Bb5 27. Bxd5 exd5 28.
Ra1 Bc4 29. Qf4 Bxb3 30. cxb3 d4 31. Qe5+ Kg8 32. Rc1 Rd8 33. Rc7 Qb8 34. Qe7
Rf8 35. Rd7 Qc8 36. g3 Qc1+ 37. Kg2 Qc6+ 38. Kh3 Qe6+ 39. Qxe6 fxe6 40. Rxd4
Rxf2 41. Rxb4 Kg7 42. Rb6 Rxb2 43. Rxa6 Rxb3 44. Rxe6 Ra3 45. a6 h5 46. Kg2 Ra2+
47. Kf3 Kf7 48. Rb6 Rxh2 49. Ke4 Rg2 50. Ke5 Kg7 51. Rb7+ Kh6 52. a7 Ra2 53. Kd6
Kg5 54. Rg7 Kf6 55. Rc7 Kf5 56. Kc5 Kg4 57. Kb5 Kh3 58. Rg7 g5 59. Kb6 g4 60.
Rg5 Rxa7 61. Rxh5+ Kxg3 62. Kxa7 Kf4 63. Kb7 g3 64. Rh4+ Kf3 65. Rh3 Kf2 66.
Rxg3 Kxg3 1/2-1/2

[Event "32nd ECC Open 2016"]
[Site "Novi Sad SRB"]
[Date "2016.11.09"]
[Round "4.3"]
[Board "3"]
[White "Grischuk, Alexander"]
[Black "Naiditsch, Arkadij"]
[Result "0-1"]
[WhiteTitle "GM"]
[BlackTitle "GM"]
[WhiteElo "2751"]
[BlackElo "2686"]
[WhiteTeam "Syberia"]
[BlackTeam "Odlar Yurdu"]
[WhiteFideId "4126025"]
[BlackFideId "4650891"]
[EventDate "2016.11.06"]

1. Nf3 Nf6 2. c4 g6 3. Nc3 Bg7 4. e4 d6 5. d4 O-O 6. h3 e5 7. d5 a5 8. Be3 Na6
9. g4 Nc5 10. Nd2 c6 11. Be2 Bd7 12. h4 cxd5 13. cxd5 Rc8 14. g5 Nh5 15. Bxc5
Rxc5 16. Bxh5 gxh5 17. Qxh5 b5 18. a4 bxa4 19. Qd1 Qc7 20. Nxa4 Rc2 21. O-O f5
22. b3 fxe4 23. Rc1 Rxc1 24. Qxc1 Qb8 25. Nc3 Rf4 26. Ncxe4 Rxh4 27. Qc3 Rg4+
28. Ng3 Rxg5 29. Ne4 Rg6 30. Kg2 Qb5 31. Qc4 Qb7 32. Rc1 h5 33. Kh2 Bg4 34. f3
Bxf3 35. Nf5 Qa7 36. Rf1 Bg2 37. Nh4 Bxe4 38. Qxe4 Rg4 39. Qe1 Bh6 40. Nf5 Bf4+
41. Kh1 Qd7 42. Qe4 Kh8 43. Rg1 Rh4+ 44. Kg2 Rh2+ 45. Kf3 Qc8 0-1

[Event "32nd ECC Open 2016"]
[Site "Novi Sad SRB"]
[Date "2016.11.09"]
[Round "4.3"]
[Board "4"]
[White "Safarli, Eltaj"]
[Black "Tomashevsky, Evgeny"]
[Result "1/2-1/2"]
[WhiteTitle "GM"]
[BlackTitle "GM"]
[WhiteElo "2694"]
[BlackElo "2722"]
[WhiteTeam "Odlar Yurdu"]
[BlackTeam "Syberia"]
[WhiteFideId "13402129"]
[BlackFideId "4147235"]
[EventDate "2016.11.06"]

1. e4 e5 2. Nf3 Nc6 3. Bb5 a6 4. Ba4 Nf6 5. O-O Be7 6. d3 b5 7. Bb3 d6 8. a4 Bd7
9. Be3 O-O 10. h3 Na5 11. Ba2 bxa4 12. Nc3 Rb8 13. Bb1 c5 14. Nxa4 Nc6 15. Bc1
c4 16. Nc3 cxd3 17. cxd3 Nb4 18. d4 Qc7 19. Bg5 h6 20. Bh4 Rfe8 21. Bg3 Bf8 22.
Qd2 Rb7 23. Rc1 Qb8 24. Qd1 Bc6 25. Ra5 Qd8 26. Ra1 Qb8 27. Ra5 Qd8 28. Ra1 1/2-1/2

[Event "32nd ECC Open 2016"]
[Site "Novi Sad SRB"]
[Date "2016.11.09"]
[Round "4.3"]
[Board "5"]
[White "Li, Chao b"]
[Black "Durarbayli, Vasif"]
[Result "1/2-1/2"]
[WhiteTitle "GM"]
[BlackTitle "GM"]
[WhiteElo "2730"]
[BlackElo "2606"]
[WhiteTeam "Syberia"]
[BlackTeam "Odlar Yurdu"]
[WhiteFideId "8604436"]
[BlackFideId "13402935"]
[EventDate "2016.11.06"]

1. d4 Nf6 2. c4 g6 3. Nc3 d5 4. Bf4 Bg7 5. e3 O-O 6. cxd5 Nxd5 7. Nxd5 Qxd5 8.
Bxc7 Na6 9. Bxa6 Qxg2 10. Qf3 Qxf3 11. Nxf3 bxa6 12. Rc1 f6 13. b3 Rf7 14. Rg1
Bb7 15. Ke2 e6 16. Ba5 Bf8 17. Nd2 Re8 18. Nc4 e5 19. Rgd1 exd4 20. Rxd4 Re6 21.
Rd8 Kg7 22. Bc3 Bc6 23. Bd4 Rc7 24. Bb2 Be7 25. Rdd1 Bb5 26. a4 Be8 27. Na5 Rxc1
28. Rxc1 Bd6 29. h3 Bb4 30. Nc4 g5 31. Bd4 Re7 32. Rg1 Bh5+ 33. f3 Kf7 34. h4
gxh4 35. Rh1 Bg6 36. Rxh4 Bc2 37. Nd2 a5 38. Ne4 f5 39. Rxh7+ Kg6 40. Rxe7 Bxe7 1/2-1/2

[Event "32nd ECC Open 2016"]
[Site "Novi Sad SRB"]
[Date "2016.11.09"]
[Round "4.3"]
[Board "6"]
[White "Abasov, Nijat"]
[Black "Korobov, Anton"]
[Result "0-1"]
[WhiteTitle "GM"]
[BlackTitle "GM"]
[WhiteElo "2565"]
[BlackElo "2689"]
[WhiteTeam "Odlar Yurdu"]
[BlackTeam "Syberia"]
[WhiteFideId "13402960"]
[BlackFideId "14105730"]
[EventDate "2016.11.06"]

1. d4 Nf6 2. c4 e6 3. Nf3 b6 4. g3 Bb7 5. Bg2 Be7 6. O-O O-O 7. Re1 Na6 8. Nc3
Ne4 9. Bf4 Qc8 10. Qc2 f5 11. Rad1 d6 12. Qc1 h6 13. Be3 c5 14. dxc5 bxc5 15. a3
Nb8 16. b4 Nd7 17. Nxe4 Bxe4 18. Bf4 e5 19. Be3 Rb8 20. b5 Nb6 21. Qc3 Qe6 22.
Rc1 a6 23. bxa6 Ra8 24. Red1 Rxa6 25. Ne1 Bxg2 26. Nxg2 Rfa8 27. Qb3 Nd7 28. Rd3
Rxa3 29. Qxa3 Rxa3 30. Rxa3 Kh7 31. Ra6 Nb8 32. Rb6 Qc8 33. Ra1 Nc6 34. Raa6 Nd4
35. Ra7 Bd8 36. Rbb7 Bf6 37. Bxd4 cxd4 38. Rc7 Qb8 39. Rcb7 Qe8 40. Rf7 Qe6 41.
Kf1 f4 42. f3 Qf5 43. gxf4 d3 44. fxe5 dxe2+ 45. Kxe2 Qc2+ 46. Kf1 Bxe5 47. Rae7
Qxc4+ 48. Kf2 Qc2+ 49. Kf1 Qc3 50. Ke2 Bf6 51. Rb7 Qc2+ 52. Ke3 Bc3 53. Rbc7
Qd2+ 54. Ke4 d5+ 55. Kf5 Qxg2 0-1

[Event "32nd ECC Open 2016"]
[Site "Novi Sad SRB"]
[Date "2016.11.09"]
[Round "4.4"]
[Board "1"]
[White "Petenyi, Tamas"]
[Black "Ivanchuk, Vassily"]
[Result "0-1"]
[WhiteTitle "IM"]
[BlackTitle "GM"]
[WhiteElo "2443"]
[BlackElo "2733"]
[WhiteTeam "SK Dunajska Streda"]
[BlackTeam "Ashdod"]
[WhiteFideId "14909090"]
[BlackFideId "14100010"]
[EventDate "2016.11.06"]

1. e4 Nf6 2. Nc3 d5 3. e5 Nfd7 4. e6 fxe6 5. d4 c5 6. Nf3 Nc6 7. Bb5 g6 8. h4
Bg7 9. Bxc6 bxc6 10. Ng5 Nf6 11. h5 gxh5 12. Bf4 O-O 13. Be5 Qe8 14. Nf3 cxd4
15. Bxd4 e5 16. Bxe5 Qg6 17. Qe2 Bg4 18. O-O-O Bh6+ 19. Kb1 Nd7 20. Bg3 e5 21.
Qa6 Bf5 22. Nh4 Bxc2+ 23. Ka1 Qf6 24. Rde1 e4 25. Qe2 Bd3 26. Qxh5 Bg7 27. Qg4
Ne5 28. Bxe5 Qxe5 29. Rh3 Rf4 30. Qg3 Raf8 31. Ng6 hxg6 32. Qxg6 Qf6 33. Qh7+
Kf7 34. Qh5+ Qg6 0-1

[Event "32nd ECC Open 2016"]
[Site "Novi Sad SRB"]
[Date "2016.11.09"]
[Round "4.4"]
[Board "2"]
[White "Vallejo Pons, Francisco"]
[Black "Bokros, Albert"]
[Result "1-0"]
[WhiteTitle "GM"]
[BlackTitle "IM"]
[WhiteElo "2716"]
[BlackElo "2492"]
[WhiteTeam "Ashdod"]
[BlackTeam "SK Dunajska Streda"]
[WhiteFideId "2205530"]
[BlackFideId "710458"]
[EventDate "2016.11.06"]

1. e4 c5 2. Nf3 e6 3. Nc3 Nc6 4. d4 cxd4 5. Nxd4 Nf6 6. a3 Qc7 7. Be2 a6 8. f4
Nxd4 9. Qxd4 Bc5 10. Qd3 d5 11. e5 Nd7 12. Qg3 O-O 13. Bd3 f5 14. Ne2 b5 15. Be3
Qa5+ 16. c3 Qc7 17. Bd4 Be7 18. b4 Nb6 19. Qf3 a5 20. O-O Nc4 21. Bxc4 Qxc4 22.
Bb6 a4 23. Bd4 Bd7 24. Nc1 Be8 25. Nd3 Bh5 26. Qe3 Rf7 27. Nc5 Bxc5 28. bxc5 Qe2
29. Qc1 Rc7 30. h3 Qd3 31. Qe1 h6 32. Qh4 Be2 33. Rf2 Bd1 34. Kh2 Bb3 35. Re1
Re8 36. Qh5 Ree7 37. Qg6 Bc4 38. g4 fxg4 39. Qxd3 Bxd3 40. hxg4 Be4 41. f5 h5
42. Rg1 hxg4 43. f6 Rf7 44. Rxg4 Kf8 45. Rb2 Bd3 46. Rg3 Bc4 47. Rbg2 Bf1 48.
Rf2 Bc4 49. Kg1 Ke8 50. Rh2 gxf6 51. exf6 e5 52. Bxe5 Rxc5 53. Bd4 Rcc7 54. Rg7 1-0

[Event "32nd ECC Open 2016"]
[Site "Novi Sad SRB"]
[Date "2016.11.09"]
[Round "4.4"]
[Board "3"]
[White "Czebe, Attila"]
[Black "Smirin, Ilia"]
[Result "1/2-1/2"]
[WhiteTitle "GM"]
[BlackTitle "GM"]
[WhiteElo "2482"]
[BlackElo "2674"]
[WhiteTeam "SK Dunajska Streda"]
[BlackTeam "Ashdod"]
[WhiteFideId "705268"]
[BlackFideId "2801990"]
[EventDate "2016.11.06"]

1. Nf3 Nf6 2. g3 g6 3. Bg2 Bg7 4. c4 O-O 5. O-O d6 6. Nc3 Nc6 7. Rb1 e5 8. d3 h6
9. b4 Be6 10. b5 Ne7 11. a4 Qc8 12. Ba3 Bh3 13. e3 Bxg2 14. Kxg2 Nd7 15. d4 exd4
16. exd4 Nf6 17. Qd3 Re8 18. Rfe1 Qf5 19. Ne4 Nh5 20. Nh4 Qg4 21. Qf3 Qxf3+ 22.
Nxf3 Nf5 23. Bb2 Nf6 24. Nxf6+ Bxf6 25. g4 Ng7 26. Kg3 Rxe1 27. Rxe1 a6 28. Bc1
axb5 29. axb5 h5 30. h3 Ra4 31. c5 dxc5 32. dxc5 hxg4 33. hxg4 Ne6 34. Be3 Rb4
35. b6 cxb6 36. cxb6 Bd8 37. Ne5 Bxb6 38. Bxb6 Rxb6 39. f3 Kg7 40. Re3 g5 41.
Nc4 Rc6 42. Re4 Nf4 43. Ne3 Re6 44. Nf5+ Kg6 45. Rxe6+ Nxe6 46. Nd6 b6 47. Kf2
Kf6 48. Ke3 Nc5 49. f4 Ke6 50. Nb5 f6 51. Nc3 Kd6 52. fxg5 fxg5 53. Kd4 Ke6 54.
Nd5 Nd7 55. Nc7+ Kf7 56. Nd5 Kg6 57. Ne7+ Kf6 58. Nd5+ Kf7 59. Nc7 Nf6 60. Na8
Nd7 61. Nc7 Ke7 62. Ke4 Kd6 63. Nb5+ Kc5 64. Na7 b5 65. Nxb5 Kxb5 1/2-1/2

[Event "32nd ECC Open 2016"]
[Site "Novi Sad SRB"]
[Date "2016.11.09"]
[Round "4.4"]
[Board "4"]
[White "Volokitin, Andrei"]
[Black "Bagi, Mate"]
[Result "1-0"]
[WhiteTitle "GM"]
[BlackTitle "IM"]
[WhiteElo "2668"]
[BlackElo "2449"]
[WhiteTeam "Ashdod"]
[BlackTeam "SK Dunajska Streda"]
[WhiteFideId "14107090"]
[BlackFideId "742570"]
[EventDate "2016.11.06"]

1. e4 e5 2. Nf3 Nc6 3. Bb5 a6 4. Ba4 Nf6 5. O-O Be7 6. Re1 b5 7. Bb3 d6 8. c3
O-O 9. h3 Bb7 10. d4 Re8 11. Nbd2 exd4 12. cxd4 Nd7 13. Nf1 Na5 14. Bc2 Bf6 15.
Rb1 c5 16. d5 Nc4 17. b3 Nce5 18. N3h2 Ng6 19. Ng3 Bc8 20. Ng4 Bc3 21. Rf1 Nde5
22. Ne3 Nd7 23. Nef5 Nb6 24. f4 Nh4 25. Ne3 f5 26. Ne2 Bf6 27. g3 fxe4 28. gxh4
Bxh3 29. Rf2 Bd7 30. h5 Re7 31. Rg2 Kh8 32. Bb2 Qf8 33. Bxf6 Qxf6 34. Qe1 b4 35.
Qg3 Rf8 36. Rf1 Bb5 37. Rff2 Bd3 38. Bd1 a5 39. f5 Bxe2 40. Bxe2 a4 41. Bb5 a3
42. Ng4 Qd4 43. f6 1-0

[Event "32nd ECC Open 2016"]
[Site "Novi Sad SRB"]
[Date "2016.11.09"]
[Round "4.4"]
[Board "5"]
[White "Varga, Zoltan"]
[Black "Georgiev, Kiril"]
[Result "0-1"]
[WhiteTitle "GM"]
[BlackTitle "GM"]
[WhiteElo "2418"]
[BlackElo "2621"]
[WhiteTeam "SK Dunajska Streda"]
[BlackTeam "Ashdod"]
[WhiteFideId "700509"]
[BlackFideId "2900017"]
[EventDate "2016.11.06"]

1. e4 c5 2. Nf3 d6 3. d4 cxd4 4. Qxd4 a6 5. h3 Nc6 6. Qe3 g6 7. Be2 Bg7 8. O-O
Nf6 9. c4 O-O 10. Nc3 Nd7 11. Bd2 Qb6 12. Qxb6 Nxb6 13. Rac1 Nd7 14. Bd3 Nc5 15.
Bb1 b5 16. b3 bxc4 17. Nd5 cxb3 18. axb3 a5 19. Bg5 Bb7 20. Nxe7+ Nxe7 21. Bxe7
Rfe8 22. Bxd6 Nxb3 23. Rc7 Bxe4 24. Bxe4 Rxe4 25. Ng5 Re2 26. Nxf7 a4 27. Ng5 h6 0-1

[Event "32nd ECC Open 2016"]
[Site "Novi Sad SRB"]
[Date "2016.11.09"]
[Round "4.4"]
[Board "6"]
[White "Kogan, Arthur"]
[Black "Meszaros, Michal"]
[Result "1-0"]
[WhiteTitle "GM"]
[BlackTitle "IM"]
[WhiteElo "2522"]
[BlackElo "2391"]
[WhiteTeam "Ashdod"]
[BlackTeam "SK Dunajska Streda"]
[WhiteFideId "2800802"]
[BlackFideId "14905329"]
[EventDate "2016.11.06"]

1. e4 e5 2. Nf3 Nc6 3. Bc4 Nf6 4. d3 Be7 5. O-O O-O 6. a4 d6 7. a5 a6 8. c3 h6
9. Nbd2 Nh7 10. b4 Ng5 11. Ne1 Bf6 12. Nc2 Ne7 13. Ne3 g6 14. h4 Ne6 15. h5 Kh7
16. g3 Ng7 17. hxg6+ fxg6 18. Kg2 c6 19. Rh1 d5 20. Ba2 d4 21. cxd4 Qxd4 22. Nb3
Qd8 23. Ng4 h5 24. Nc5 Qd6 25. Qd2 g5 26. Ne3 Ng6 27. Qe2 h4 28. Ng4 Bd8 29. Bd2
Be7 30. Rac1 Rb8 31. Bc3 Ne6 32. Bxe6 Bxe6 33. Nxe6 Qxe6 34. Ne3 Rbd8 35. Rce1
Kg8 36. Nf5 Rf6 37. d4 Bf8 38. dxe5 Nxe5 39. Bxe5 Qxe5 40. gxh4 Qf4 41. hxg5 Rd2
42. Qe3 Qxe3 43. Rxe3 Rg6 44. Reh3 Rxg5+ 45. Kf3 Rd3+ 46. Ne3 Bxb4 47. Rh8+ Kf7
48. Rb8 Bc5 49. Rxb7+ Kg8 50. Ke2 Ra3 51. Rd1 Rg7 52. Rb8+ Bf8 53. Nf5 Ra2+ 54.
Ke3 Ra3+ 55. Kf4 Rf7 56. Kg4 Kh7 57. Rc8 Rf6 58. Rc7+ Kg6 59. Nh4+ Kh6 60. Rdd7 1-0

[Event "32nd ECC Open 2016"]
[Site "Novi Sad SRB"]
[Date "2016.11.09"]
[Round "4.5"]
[Board "1"]
[White "Van Wely, Loek"]
[Black "Heimann, Andreas"]
[Result "1/2-1/2"]
[WhiteTitle "GM"]
[BlackTitle "GM"]
[WhiteElo "2685"]
[BlackElo "2586"]
[WhiteTeam "Schachgesellschaft Zurich"]
[BlackTeam "Schachgesellschaft Riehen"]
[WhiteFideId "1000268"]
[BlackFideId "24624632"]
[EventDate "2016.11.06"]

1. Nf3 Nf6 2. c4 c5 3. Nc3 d5 4. cxd5 Nxd5 5. g3 Nc6 6. Bg2 g6 7. h4 Bg7 8. h5
Bf5 9. Ng5 e6 10. Nge4 c4 11. Qa4 Nb6 12. Qd1 Nd5 13. Qa4 Nb6 14. Qd1 1/2-1/2

[Event "32nd ECC Open 2016"]
[Site "Novi Sad SRB"]
[Date "2016.11.09"]
[Round "4.5"]
[Board "2"]
[White "Cvitan, Ognjen"]
[Black "Bauer, Christian"]
[Result "1/2-1/2"]
[WhiteTitle "GM"]
[BlackTitle "GM"]
[WhiteElo "2502"]
[BlackElo "2632"]
[WhiteTeam "Schachgesellschaft Riehen"]
[BlackTeam "Schachgesellschaft Zurich"]
[WhiteFideId "14500086"]
[BlackFideId "603767"]
[EventDate "2016.11.06"]

1. d4 e6 2. c4 f5 3. g3 Nf6 4. Bg2 d5 5. Nh3 Bd6 6. O-O O-O 7. Qc2 Nc6 8. e3 Kh8
9. Nd2 a5 10. b3 Nb4 11. Qb1 Ne4 12. Nf3 b6 13. a3 Nc6 14. cxd5 exd5 15. Qc2 Qe8
16. Nf4 a4 17. b4 Ne7 18. Bb2 Ba6 19. Rfe1 Bc4 20. Nd3 Ng6 21. Rac1 Rc8 22. Nd2
Bb5 23. Nb1 Bc4 24. Nd2 Bb5 25. Nb1 Bc4 26. Nd2 Bb5 1/2-1/2

[Event "32nd ECC Open 2016"]
[Site "Novi Sad SRB"]
[Date "2016.11.09"]
[Round "4.5"]
[Board "3"]
[White "Pelletier, Yannick"]
[Black "Georgiadis, Ioannis"]
[Result "1-0"]
[WhiteTitle "GM"]
[BlackTitle "IM"]
[WhiteElo "2566"]
[BlackElo "2479"]
[WhiteTeam "Schachgesellschaft Zurich"]
[BlackTeam "Schachgesellschaft Riehen"]
[WhiteFideId "1301837"]
[BlackFideId "4208900"]
[EventDate "2016.11.06"]

1. d4 Nf6 2. c4 e6 3. g3 d5 4. Bg2 dxc4 5. Nf3 Bb4+ 6. Bd2 a5 7. Qc2 Bxd2+ 8.
Qxd2 c6 9. a4 Ne4 10. Qf4 Nd6 11. Na3 Na6 12. Rc1 Nb4 13. Nxc4 Nxc4 14. Rxc4 O-O
15. O-O Qe7 16. b3 Rd8 17. h4 Bd7 18. g4 e5 19. Nxe5 Be6 20. Rc3 Qd6 21. e3 f6
22. Nd3 Nxd3 23. Qxd6 Rxd6 24. Rxd3 Bxg4 25. Rc3 Be6 26. Rc5 Ra7 27. Rb1 Kf8 28.
b4 axb4 29. Rxb4 Ke7 30. a5 Bd5 31. e4 Be6 32. f4 Rd8 33. e5 fxe5 34. fxe5 Bd7
35. a6 bxa6 36. Bxc6 Bxc6 37. Rxc6 Rad7 38. Rcc4 a5 39. Ra4 Ke6 40. Kf2 Kf5 41.
Ke3 Rb8 42. Rc3 Rb4 43. Rxb4 axb4 44. Rb3 Rb7 45. Kd3 g6 46. Kc4 Ke4 47. Kc5
Rc7+ 48. Kd6 Rb7 49. Kc5 Rc7+ 50. Kd6 Rb7 51. e6 Kxd4 52. e7 Kc4 53. e8=Q Kxb3
54. Kc6 Rg7 55. Qe5 1-0

[Event "32nd ECC Open 2016"]
[Site "Novi Sad SRB"]
[Date "2016.11.09"]
[Round "4.5"]
[Board "4"]
[White "Brunner, Nicolas"]
[Black "Studer, Noel"]
[Result "1/2-1/2"]
[WhiteTitle "IM"]
[BlackTitle "IM"]
[WhiteElo "2469"]
[BlackElo "2436"]
[WhiteTeam "Schachgesellschaft Riehen"]
[BlackTeam "Schachgesellschaft Zurich"]
[WhiteFideId "620246"]
[BlackFideId "1319620"]
[EventDate "2016.11.06"]

1. d4 Nf6 2. c4 e6 3. Nf3 d5 4. Nc3 Nbd7 5. Bf4 dxc4 6. e3 b5 7. Nxb5 Bb4+ 8.
Nc3 Nd5 9. a3 Nxc3 10. Qd2 Ne2 11. axb4 Nxf4 12. exf4 Nb6 13. Be2 Bb7 14. O-O
O-O 15. Ne5 Qd6 16. Rfd1 a6 17. Rac1 Rfb8 18. Nxc4 Nxc4 19. Rxc4 Bd5 20. Rc5 Rb6
21. Bc4 Bxc4 22. Rxc4 Rab8 23. d5 exd5 24. Qxd5 Rxb4 25. Qxd6 cxd6 26. Rxb4 Rxb4
27. Rxd6 g6 28. Rxa6 Rxb2 29. g3 Kg7 30. Ra5 h5 31. Ra7 Kf6 32. Kg2 Kg7 33. h3
Rb4 34. Re7 Kf6 35. Re5 Kg7 36. Re7 Kf6 37. Rc7 Ra4 38. Rc5 Rb4 39. h4 Ra4 40.
Rg5 Ra2 41. f5 Ra3 42. fxg6 fxg6 43. f4 Ra2+ 44. Kf3 Ra3+ 45. Ke4 Ra4+ 46. Kd5
Ra3 47. Kd6 Rd3+ 48. Kc5 Rf3 49. Kd4 Ra3 50. Ke4 Ra4+ 51. Kf3 Ra3+ 52. Kg2 Ra2+
53. Kh3 Rf2 54. Rc5 Ke6 55. Re5+ Kf6 56. Rg5 Kf7 57. Ra5 Kf6 58. Ra1 Rb2 59. Rg1
Ra2 60. Rg2 Ra5 61. Re2 Kf5 62. Re8 Ra2 63. Rf8+ Ke6 64. f5+ gxf5 65. Rh8 Ra3
66. Rh6+ Kf7 67. Rxh5 Kg6 68. Rg5+ Kf6 69. Rg8 Kf7 70. Rg5 Kf6 71. Kg2 Ra2+ 72.
Kf3 Ra3+ 73. Kg2 Ra2+ 74. Kh3 Ra3 75. Rh5 f4 76. Rg5 1/2-1/2

[Event "32nd ECC Open 2016"]
[Site "Novi Sad SRB"]
[Date "2016.11.09"]
[Round "4.5"]
[Board "5"]
[White "Vogt, Lothar"]
[Black "Buss, Ralph"]
[Result "1/2-1/2"]
[WhiteTitle "GM"]
[BlackTitle "IM"]
[WhiteElo "2409"]
[BlackElo "2360"]
[WhiteTeam "Schachgesellschaft Zurich"]
[BlackTeam "Schachgesellschaft Riehen"]
[WhiteFideId "4611292"]
[BlackFideId "1305697"]
[EventDate "2016.11.06"]

1. e4 e5 2. Nf3 Nc6 3. Bb5 Nf6 4. d3 Bc5 5. Bxc6 dxc6 6. Nbd2 O-O 7. O-O Nd7 8.
Nc4 Re8 9. Be3 Bd6 10. d4 exd4 11. Nxd6 cxd6 12. Qxd4 Qf6 13. Rad1 Qxd4 14. Rxd4
Nf6 15. Rxd6 Nxe4 16. Rd4 Bg4 17. Rfd1 Nf6 18. c4 c5 19. Rd6 b6 20. b3 Ne4 21.
R6d3 h6 22. h3 Bxf3 23. gxf3 Nf6 24. Rd6 Re6 25. Rd8+ Re8 26. R8d6 Re6 27. Rd8+
Re8 28. R8d6 1/2-1/2

[Event "32nd ECC Open 2016"]
[Site "Novi Sad SRB"]
[Date "2016.11.09"]
[Round "4.5"]
[Board "6"]
[White "Schmidt-Schaeffer, Sebastian"]
[Black "Rosenthal, Jonathan"]
[Result "1-0"]
[BlackTitle "FM"]
[WhiteElo "2386"]
[BlackElo "2333"]
[WhiteTeam "Schachgesellschaft Riehen"]
[BlackTeam "Schachgesellschaft Zurich"]
[WhiteFideId "4610148"]
[BlackFideId "1315684"]
[EventDate "2016.11.06"]

1. e4 c6 2. d4 d5 3. e5 Bf5 4. h4 c5 5. g4 Bd7 6. dxc5 Nc6 7. Bf4 e6 8. Nd2 Bxc5
9. Nb3 Bb6 10. Nf3 f6 11. Qe2 Nge7 12. exf6 gxf6 13. g5 Ng6 14. Bg3 fxg5 15.
Nxg5 Qf6 16. O-O-O O-O-O 17. Kb1 h6 18. Nf3 Rhf8 19. h5 Nge7 20. Rd3 Nf5 21. Be5
Nxe5 22. Nxe5 Kb8 23. c4 Bc8 24. c5 Bc7 25. Ng6 Rg8 26. Bh3 e5 27. Rhd1 Be6 28.
c6 bxc6 29. Nc5 Bc8 30. Rb3+ Ka8 31. Rf3 Bb6 32. Qc2 Nd4 33. Rxf6 Nxc2 34. Bxc8
Bxc5 35. Be6 Rge8 36. Kxc2 Rd6 37. Nf8 Rdd8 38. Nd7 Rxe6 39. Rxe6 Rxd7 40. Rxh6
Bxf2 41. Rh8+ Kb7 42. h6 1-0

[Event "32nd ECC Open 2016"]
[Site "Novi Sad SRB"]
[Date "2016.11.09"]
[Round "4.6"]
[Board "2"]
[White "Abramovic, Bosko"]
[Black "Aronian, Levon"]
[Result "0-1"]
[WhiteTitle "GM"]
[BlackTitle "GM"]
[WhiteElo "2420"]
[BlackElo "2795"]
[WhiteTeam "Crvena Zvezda"]
[BlackTeam "OR Padova"]
[WhiteFideId "900206"]
[BlackFideId "13300474"]
[EventDate "2016.11.06"]

1. Nf3 Nf6 2. g3 d5 3. Bg2 Nbd7 4. O-O e5 5. d3 Bd6 6. Nc3 O-O 7. e4 c6 8. Nh4
Nb6 9. h3 Re8 10. Qf3 h6 11. Nf5 Bf8 12. g4 Be6 13. Bd2 dxe4 14. Nxe4 Nxe4 15.
Qxe4 Bd5 16. Qe2 Bxg2 17. Kxg2 Nd5 18. Qf3 Qb6 19. Rab1 Re6 20. Rfe1 Rae8 21. a3
Qd8 22. Ng3 Rf6 23. Qe2 Ree6 24. Nh5 Rg6 25. c4 Ne7 26. Bc3 Nf5 27. Qe4 Nh4+ 28.
Kf1 Rd6 29. Rbd1 Rd7 30. b4 Re6 31. Re3 Be7 32. Ng3 Bf6 33. c5 b6 34. cxb6 axb6
35. Qc4 b5 36. Qe4 Rd5 37. Ree1 Ng6 38. Qf3 Nf4 39. Ne4 Nxd3 40. Re2 Nxb4 41.
Red2 Rxd2 42. Bxd2 Nd5 43. Kg2 Bg5 44. Bb4 Be7 45. Nc3 Nf4+ 46. Kh2 Qc7 0-1

[Event "32nd ECC Open 2016"]
[Site "Novi Sad SRB"]
[Date "2016.11.09"]
[Round "4.6"]
[Board "4"]
[White "Govedarica, Radovan"]
[Black "Vocaturo, Daniele"]
[Result "1/2-1/2"]
[WhiteTitle "IM"]
[BlackTitle "GM"]
[WhiteElo "2374"]
[BlackElo "2599"]
[WhiteTeam "Crvena Zvezda"]
[BlackTeam "OR Padova"]
[WhiteFideId "900630"]
[BlackFideId "813192"]
[EventDate "2016.11.06"]

1. e4 e6 2. d4 d5 3. Nc3 Nf6 4. Bg5 Bb4 5. exd5 Qxd5 6. Bxf6 gxf6 7. Qd2 Qa5 8.
g3 Bd7 9. Bg2 Bc6 10. Nf3 Nd7 11. O-O O-O-O 12. Rfd1 Nb6 13. a3 Bxc3 14. bxc3
Na4 15. c4 Qxd2 16. Rxd2 Nb6 17. c5 Na4 18. Rd3 Be4 19. Rb3 Bxc2 20. Rb4 Nc3 21.
Ne1 Be4 22. Bxe4 Nxe4 23. Rc1 f5 24. Nd3 f6 25. Nf4 e5 26. Ne6 Rd5 27. c6 b6 28.
dxe5 fxe5 29. Ng7 Nd6 30. Rh4 e4 31. Nh5 Rc5 32. Rxc5 bxc5 33. Nf4 c4 34. Ne2
Kd8 35. Nc3 h5 36. f3 exf3 37. Kf2 Ke7 38. Kxf3 Ke6 39. Ke3 Ke5 40. Rd4 Rb8 41.
Rd5+ Ke6 42. Kd4 Rb3 43. Re5+ Kf7 44. a4 a6 45. Re2 Ra3 46. Re1 Ne4 47. Nxe4
fxe4 48. Rxe4 Rxa4 49. Re5 h4 50. Rh5 hxg3 51. hxg3 c3+ 52. Kxc3 Ke6 53. Kb3 Ra1
54. g4 Kd6 55. Kb2 Ra4 56. Kb3 Ra1 57. Kb2 Ra4 58. Kb3 Rxg4 59. Ra5 Kxc6 60.
Rxa6+ Kb5 61. Rh6 Rg3+ 62. Kc2 Rg4 63. Rh3 Rg2+ 64. Kc3 c5 65. Rf3 Rg1 66. Rh3
Rc1+ 67. Kb2 Rc4 68. Rg3 Rb4+ 69. Kc3 Ra4 70. Kb2 Kb4 71. Rb3+ Kc4 72. Rc3+ Kd5
73. Rh3 Rc4 74. Kb3 Rc1 75. Rh5+ Kc6 76. Rh8 Rb1+ 77. Kc3 Rb7 78. Kc4 Rb4+ 79.
Kc3 Rg4 80. Rc8+ Kd6 81. Rd8+ Kc7 82. Rh8 Rf4 83. Rg8 Kc6 84. Rc8+ Kd6 85. Rd8+ 1/2-1/2

[Event "32nd ECC Open 2016"]
[Site "Novi Sad SRB"]
[Date "2016.11.09"]
[Round "4.6"]
[Board "5"]
[White "David, Alberto"]
[Black "Velickovic, Sasa"]
[Result "1-0"]
[WhiteTitle "GM"]
[BlackTitle "IM"]
[WhiteElo "2574"]
[BlackElo "2312"]
[WhiteTeam "OR Padova"]
[BlackTeam "Crvena Zvezda"]
[WhiteFideId "4000013"]
[BlackFideId "900869"]
[EventDate "2016.11.06"]

1. e4 c5 2. Nf3 d6 3. d4 Nf6 4. Nc3 cxd4 5. Nxd4 e6 6. g4 h6 7. h4 Nc6 8. Rg1
Nd7 9. g5 hxg5 10. Bxg5 Nf6 11. Nxc6 bxc6 12. Qf3 Qb6 13. O-O-O Nd7 14. Qg3 Rb8
15. b3 Qb4 16. Kb1 a5 17. Bd2 Qc5 18. Bc1 Nb6 19. Bb2 a4 20. Be2 axb3 21. cxb3
Ra8 22. Rc1 Qb4 23. f4 Bd7 24. f5 e5 25. h5 Rh6 26. Qd3 Bc8 27. Qc2 Bb7 28. Rcd1
Nd7 29. Bc1 Rh8 30. Bg5 Qb6 31. Rg3 Qc5 32. Qd2 Qb4 33. Nb5 Qxe4+ 34. Bd3 Qxd3+
35. Rxd3 cxb5 36. Rxd6 1-0